000 00435nam a22001457a 4500
008 230324b |||||||| |||| 00| 0 eng d
040 _aNational Science Library
_cNational Science Library
080 _aD 681.3.06C++
_bM8
100 _aBerry, John Thomas
_94852
245 _aWaite group's C++ programming
260 _aUSA:
_bHoward W. Sams & Company,
_c1988
300 _axvi, 381p.
650 _aWord processing
942 _2udc
_cBK
999 _c14075
_d14075